Alternative Ansätze zur Schätzung des gesamtwirtschaftlichen Produktionspotentials

Saved in:
Bibliographic Details
Main Author: Döpke, Jörg
Format: Book
Language:German
Published: Kiel Institut für Weltwirtschaft 1993
Edition:1. Aufl.
Series:Kieler Arbeitspapier
Subjects:
Tags: Add Tag
No Tags, Be the first to tag this record!

MARC

LEADER 00000nam a2200000 4500
001 c004625
005 20221214081750.1
041 0 |a ger 
044 |a DE 
245 1 0 |a Alternative Ansätze zur Schätzung des gesamtwirtschaftlichen Produktionspotentials  |c Jörg Döpke 
250 |a 1. Aufl. 
264 1 |a Kiel  |b Institut für Weltwirtschaft  |c 1993 
300 |a 47 s. 
490 1 |a Kieler Arbeitspapier 
830 0 |a Kieler Arbeitspapier 
610 2 0 |a potenciál výrobný 
610 2 0 |a úroveň rozvoja hospodárskeho 
610 2 0 |a oceňovanie ekonomické 
610 2 0 |a kontrola štatistická 
610 2 0 |a Nemecko 
610 2 0 |a modely štruktúrne 
610 2 0 |a východné Nemecko 
100 1 |a Döpke, Jörg